000 00945nam a2200253Ia 4500
003 GCL
005 20240530102148.0
008 140319s9999 xx 000 0 ara d
040 _aGCL /
_cGCL
082 0 4 _a810.8
_bز ر
100 1 _aمركز تحقيق التراث
245 1 0 _aربيع الابرار ونصوص الاخبار /
_cمركز تحقيق التراث
260 _aالقاهرة :
_bالهيئة المصرية العامة للكتاب ،
_c1992
300 _a473 ص
650 0 4 _aالادب العربى
650 0 4 _aالنثر العربى
650 0 4 _aالبلاغة العربية
650 0 4 _aالتاريخ الاسلامى
650 0 4 _aالمجموعات
700 1 _aرمضان عبدالتواب
700 1 _aعبدالمجيد دياب
700 1 _aالزمخشرى: جارالله ابوالقاسم محمود بن عمر بن محمد بن احمد الخورازمى
942 _2ddc
_cBK
999 _c30245
_d30245